Coastal environments : An introduction to the physical, ecological and cultural systém of coastlines
It is clear that environmental stress on the coast is growing rapidly, on scales ranging from local destruction of dunes and wetlands to global rises in sea - level.
Na minha lista:
| Autor principal: | |
|---|---|
| Formato: | Livro |
| Idioma: | Undetermined |
| Publicado em: |
London
Academic press
1988
|
| Assuntos: | |
| Tags: |
Adicionar Tag
Sem tags, seja o primeiro a adicionar uma tag!
|
| Thư viện lưu trữ: | Trung tâm Học liệu Trường Đại học Cần Thơ |
|---|
| LEADER | 00780nam a2200205Ia 4500 | ||
|---|---|---|---|
| 001 | CTU_161537 | ||
| 008 | 210402s9999 xx 000 0 und d | ||
| 082 | |a 577.7 | ||
| 082 | |b C323 | ||
| 100 | |a Carter, R. W. G. | ||
| 245 | 0 | |a Coastal environments : | |
| 245 | 3 | |b An introduction to the physical, ecological and cultural systém of coastlines | |
| 245 | 0 | |c R. W. G. Carter | |
| 260 | |a London | ||
| 260 | |b Academic press | ||
| 260 | |c 1988 | ||
| 520 | |a It is clear that environmental stress on the coast is growing rapidly, on scales ranging from local destruction of dunes and wetlands to global rises in sea - level. | ||
| 650 | |a Coastal ecology,Sinh thái học ven biển | ||
| 904 | |i Hồng, Năm | ||
| 980 | |a Trung tâm Học liệu Trường Đại học Cần Thơ | ||